[Event "Uppsala Young Champions 2016"]
[Site "Uppsala Schackcentrum, Sweden"]
[Date "2016.10.31"]
[Round "6.8"]
[White "Cardenas, William"]
[Black "Bit-Narva, David"]
[Result "1-0"]
[BlackElo "2019"]
[WhiteElo "1986"]
[LiveChessVersion "1.4.8"]

1. e4 {[%clk 1:30:58]} c5 {[%clk 1:30:50]} 2. Nf3 {[%clk 1:31:21]} d6
{[%clk 1:30:55]} 3. d4 {[%clk 1:31:47]} cxd4 {[%clk 1:31:20]} 4. Nxd4
{[%clk 1:32:14]} Nc6 {[%clk 1:31:45]} 5. c4 {[%clk 1:28:33]} Nf6 {[%clk 1:31:54]}
6. Nc3 {[%clk 1:28:47]} g6 {[%clk 1:32:10]} 7. Be2 {[%clk 1:28:28]} Bg7
{[%clk 1:32:30]} 8. Be3 {[%clk 1:28:45]} Bd7 {[%clk 1:19:32]} 9. O-O
{[%clk 1:27:37]} O-O {[%clk 1:19:45]} 10. Nc2 {[%clk 1:16:38]} Rc8
{[%clk 1:19:49]} 11. Qd2 {[%clk 1:14:16]} Ne5 {[%clk 1:08:43]} 12. b3
{[%clk 1:14:06]} Neg4 {[%clk 1:03:55]} 13. Bxg4 {[%clk 1:14:01]} Nxg4
{[%clk 1:04:14]} 14. Bd4 {[%clk 1:13:03]} Qa5 {[%clk 1:02:54]} 15. Bxg7
{[%clk 1:07:12]} Kxg7 {[%clk 1:03:13]} 16. h3 {[%clk 0:58:13]} Nf6
{[%clk 1:01:26]} 17. a4 {[%clk 0:54:04]} Bc6 {[%clk 0:54:33]} 18. Nd4
{[%clk 0:50:38]} Qe5 {[%clk 0:50:22]} 19. Rfe1 {[%clk 0:40:24]} b6
{[%clk 0:42:45]} 20. Rad1 {[%clk 0:32:14]} Qa5 {[%clk 0:40:18]} 21. Qe3
{[%clk 0:27:59]} Bb7 {[%clk 0:35:56]} 22. Nd5 {[%clk 0:26:17]} Nd7
{[%clk 0:32:41]} 23. Qg3 {[%clk 0:19:12]} e6 {[%clk 0:30:43]} 24. Qxd6
{[%clk 0:17:45]} Rcd8 {[%clk 0:29:45]} 25. b4 {[%clk 0:14:46]} Qa6
{[%clk 0:28:09]} 26. Nc7 {[%clk 0:13:39]} Qxc4 {[%clk 0:26:36]} 27. Ndxe6+
{[%clk 0:10:08]} 1-0

[Event "Uppsala Young Champions 2016"]
[Site "Uppsala Schackcentrum, Sweden"]
[Date "2016.10.31"]
[Round "6.9"]
[White "Mitra, Akash"]
[Black "Björkman, Filip"]
[Result "1/2-1/2"]
[BlackElo "1976"]
[WhiteElo "1515"]
[LiveChessVersion "1.4.8"]

1. e4 {[%clk 1:30:54]} Nf6 {[%clk 1:30:52]} 2. e5 {[%clk 1:31:06]} Nd5
{[%clk 1:31:21]} 3. c4 {[%clk 1:31:25]} Nb6 {[%clk 1:31:49]} 4. d4
{[%clk 1:31:45]} d6 {[%clk 1:32:15]} 5. f4 {[%clk 1:31:33]} Bf5 {[%clk 1:32:39]}
6. Nf3 {[%clk 1:31:29]} e6 {[%clk 1:33:03]} 7. Nc3 {[%clk 1:31:13]} dxe5
{[%clk 1:33:23]} 8. fxe5 {[%clk 1:31:02]} Bb4 {[%clk 1:30:05]} 9. Bd3
{[%clk 1:29:04]} Bxd3 {[%clk 1:28:44]} 10. Qxd3 {[%clk 1:28:38]} c5
{[%clk 1:28:02]} 11. Be3 {[%clk 1:24:32]} cxd4 {[%clk 1:23:44]} 12. Bxd4
{[%clk 1:23:23]} Nc6 {[%clk 1:23:58]} 13. O-O {[%clk 1:21:33]} Nxd4
{[%clk 1:23:18]} 14. Nxd4 {[%clk 1:21:13]} Qc7 {[%clk 1:04:08]} 15. Qg3
{[%clk 1:16:43]} Bxc3 {[%clk 0:59:23]} 16. bxc3 {[%clk 1:16:38]} O-O
{[%clk 0:59:40]} 17. Rae1 {[%clk 1:12:40]} Nxc4 {[%clk 0:58:11]} 18. Re4
{[%clk 1:09:52]} Nd2 {[%clk 0:56:24]} 19. Rg4 {[%clk 1:09:50]} Nxf1
{[%clk 0:56:26]} 20. Rxg7+ {[%clk 1:10:10]} Kh8 {[%clk 0:56:55]} 21. Qh4
{[%clk 1:09:10]} Kxg7 {[%clk 0:56:49]} 22. Qf6+ {[%clk 1:09:25]} Kg8
{[%clk 0:57:07]} 23. Qg5+ {[%clk 1:09:50]} Kh8 {[%clk 0:57:21]} 24. Qf6+
{[%clk 1:10:14]} Kg8 {[%clk 0:57:14]} 25. Qg5+ {[%clk 1:10:42]} 1/2-1/2

[Event "Uppsala Young Champions 2016"]
[Site "Uppsala Schackcentrum, Sweden"]
[Date "2016.10.31"]
[Round "6.10"]
[White "Jäppinen, Erland"]
[Black "Carlsson, Ludvig"]
[Result "0-1"]
[BlackElo "2013"]
[WhiteElo "1768"]
[LiveChessVersion "1.4.8"]

1. d4 {[%clk 1:29:52]} d5 {[%clk 1:30:44]} 2. c4 {[%clk 1:30:14]} c6
{[%clk 1:31:08]} 3. Nc3 {[%clk 1:30:39]} Nf6 {[%clk 1:31:30]} 4. e3
{[%clk 1:30:36]} Bf5 {[%clk 1:31:53]} 5. cxd5 {[%clk 1:30:57]} cxd5
{[%clk 1:32:17]} 6. Qb3 {[%clk 1:31:19]} Nc6 {[%clk 1:32:43]} 7. Qxb7
{[%clk 1:31:42]} Bd7 {[%clk 1:33:07]} 8. Qb3 {[%clk 1:32:06]} Rb8
{[%clk 1:33:31]} 9. Qd1 {[%clk 1:32:27]} e5 {[%clk 1:23:03]} 10. dxe5
{[%clk 1:31:11]} Nxe5 {[%clk 1:23:25]} 11. Be2 {[%clk 1:24:55]} Bd6
{[%clk 1:20:56]} 12. Nf3 {[%clk 1:24:29]} O-O {[%clk 1:16:52]} 13. O-O
{[%clk 1:23:21]} Qc7 {[%clk 1:16:32]} 14. h3 {[%clk 1:22:33]} Rfc8
{[%clk 1:11:47]} 15. Nd4 {[%clk 1:14:07]} Nc4 {[%clk 1:00:37]} 16. Bxc4
{[%clk 1:06:11]} Qxc4 {[%clk 0:52:53]} 17. Qe2 {[%clk 1:04:41]} Qb4
{[%clk 0:48:55]} 18. a3 {[%clk 1:00:49]} Qc5 {[%clk 0:48:28]} 19. Rd1
{[%clk 0:59:17]} Ne4 20. Rd3 {[%clk 0:50:48]} Qa5 {[%clk 0:43:51]} 21. Na2
{[%clk 0:41:57]} Qc7 {[%clk 0:42:06]} 22. Nc3 {[%clk 0:40:25]} Qa5
{[%clk 0:38:47]} 23. Na2 {[%clk 0:40:32]} Qa6 {[%clk 0:37:49]} 24. Rc3
{[%clk 0:33:04]} Qxe2 {[%clk 0:35:10]} 25. Rxc8+ {[%clk 0:33:19]} Rxc8
{[%clk 0:35:35]} 26. Nxe2 {[%clk 0:33:44]} Rc2 {[%clk 0:35:40]} 27. Nd4
{[%clk 0:33:20]} Rxf2 {[%clk 0:35:41]} 28. Nc3 {[%clk 0:32:51]} Bxh3
{[%clk 0:35:57]} 29. Nxe4 {[%clk 0:29:02]} Rxg2+ {[%clk 0:36:14]} 30. Kh1
{[%clk 0:27:50]} dxe4 {[%clk 0:36:32]} 31. b4 {[%clk 0:27:48]} Rf2
{[%clk 0:36:53]} 32. Bb2 {[%clk 0:27:11]} Rxb2 {[%clk 0:37:13]} 33. Nb5
{[%clk 0:27:35]} Be5 {[%clk 0:36:54]} 34. Rd1 {[%clk 0:28:01]} g5
{[%clk 0:37:07]} 35. Nxa7 {[%clk 0:28:29]} g4 {[%clk 0:36:41]} 36. Nc6
{[%clk 0:28:55]} Bc7 {[%clk 0:36:18]} 37. a4 {[%clk 0:28:11]} Bg2+
{[%clk 0:36:01]} 38. Kg1 {[%clk 0:28:40]} Bf3 {[%clk 0:36:23]} 39. Rc1
{[%clk 0:28:51]} Bd6 {[%clk 0:35:44]} 40. Nd4 {[%clk 0:27:52]} Bxb4
{[%clk 0:34:19]} 41. Nf5 {[%clk 0:28:00]} h5 {[%clk 0:33:55]} 42. Rc8+
{[%clk 0:27:34]} Kh7 {[%clk 0:34:17]} 43. Rc7 {[%clk 0:28:02]} Rb1+
{[%clk 0:34:40]} 44. Kh2 {[%clk 0:28:07]} Kg6 {[%clk 0:34:18]} 45. Nh4+
{[%clk 0:28:19]} Kg5 {[%clk 0:34:40]} 46. Nxf3+ {[%clk 0:28:21]} exf3
{[%clk 0:34:58]} 47. Rxf7 {[%clk 0:28:25]} Bd6+ {[%clk 0:35:18]} 48. Rf4
{[%clk 0:28:53]} Bxf4+ {[%clk 0:35:41]} 49. exf4+ {[%clk 0:29:20]} Kh4
{[%clk 0:36:02]} 50. f5 {[%clk 0:29:43]} g3# {[%clk 0:36:26]} 0-1

[Event "Uppsala Young Champions 2016"]
[Site "Uppsala Schackcentrum, Sweden"]
[Date "2016.11.01"]
[Round "7.1"]
[White "Ragnarsson, Dagur"]
[Black "Johannesson, Oliver Aron"]
[Result "1/2-1/2"]
[BlackElo "2263"]
[WhiteElo "2232"]
[LiveChessVersion "1.4.8"]

1. d4 {[%clk 1:30:58]} Nf6 {[%clk 1:30:38]} 2. c4 {[%clk 1:31:23]} c5
{[%clk 1:31:01]} 3. d5 {[%clk 1:31:48]} b5 {[%clk 1:31:18]} 4. cxb5
{[%clk 1:32:12]} a6 {[%clk 1:30:46]} 5. f3 {[%clk 1:32:31]} axb5 {[%clk 1:25:19]}
6. e4 {[%clk 1:32:52]} Qa5+ {[%clk 1:23:59]} 7. b4 {[%clk 1:32:06]} Qxb4+
{[%clk 1:15:39]} 8. Bd2 {[%clk 1:32:28]} Qa4 {[%clk 1:15:53]} 9. Qc1
{[%clk 1:32:48]} b4 {[%clk 1:03:54]} 10. Qxc5 {[%clk 1:32:29]} Na6
{[%clk 1:02:20]} 11. Bxa6 {[%clk 1:32:52]} e6 {[%clk 0:54:03]} 12. d6
{[%clk 1:30:48]} Bxa6 {[%clk 0:53:28]} 13. Bxb4 {[%clk 1:25:02]} Rc8
{[%clk 0:52:31]} 14. Nc3 {[%clk 1:25:18]} Qc2 {[%clk 0:40:10]} 15. Qb6
{[%clk 1:13:21]} Rc6 {[%clk 0:32:08]} 16. Qb8+ {[%clk 1:13:44]} Rc8
{[%clk 0:32:17]} 17. Qb6 {[%clk 1:14:09]} Rxc3 {[%clk 0:26:39]} 18. Ba5
{[%clk 1:14:29]} Rc8 {[%clk 0:25:50]} 19. Qxa6 {[%clk 1:14:52]} Rc6
{[%clk 0:24:29]} 20. Qa8+ {[%clk 1:15:01]} Rc8 {[%clk 0:24:53]} 21. Qa6
{[%clk 1:15:16]} Rc6 {[%clk 0:23:44]} 22. Qa8+ {[%clk 1:15:39]} Rc8
{[%clk 0:24:09]} 23. Qa6 {[%clk 1:16:04]} Rc6 {[%clk 0:24:27]} 24. Qa8+
{[%clk 1:16:25]} 1/2-1/2

[Event "Uppsala Young Champions 2016"]
[Site "Uppsala Schackcentrum, Sweden"]
[Date "2016.11.01"]
[Round "7.2"]
[White "Storme, Isak"]
[Black "Keinänen, Toivo"]
[Result "1/2-1/2"]
[BlackElo "2345"]
[WhiteElo "2153"]
[LiveChessVersion "1.4.8"]

1. e4 {[%clk 1:30:58]} e6 {[%clk 1:30:55]} 2. d4 {[%clk 1:31:23]} d5
{[%clk 1:31:23]} 3. Nc3 {[%clk 1:31:45]} Nf6 {[%clk 1:31:48]} 4. e5
{[%clk 1:32:11]} Nfd7 {[%clk 1:32:17]} 5. f4 {[%clk 1:32:32]} c5 {[%clk 1:32:44]}
6. Nf3 {[%clk 1:32:54]} Nc6 {[%clk 1:31:41]} 7. Be3 {[%clk 1:33:04]} cxd4
{[%clk 1:32:10]} 8. Nxd4 {[%clk 1:33:18]} Bc5 {[%clk 1:32:34]} 9. Qd2
{[%clk 1:33:36]} O-O {[%clk 1:32:54]} 10. O-O-O {[%clk 1:33:47]} a6
{[%clk 1:33:19]} 11. Qf2 {[%clk 1:33:42]} Bxd4 {[%clk 1:32:54]} 12. Bxd4
{[%clk 1:34:05]} b5 {[%clk 1:32:43]} 13. Be3 {[%clk 1:15:56]} Bb7
{[%clk 1:31:38]} 14. Bd3 {[%clk 1:12:09]} Nb4 {[%clk 1:31:56]} 15. Kb1
{[%clk 1:07:00]} Rc8 {[%clk 1:28:22]} 16. Ne2 {[%clk 0:38:10]} Qa5
{[%clk 1:09:31]} 17. a3 {[%clk 0:36:46]} Nxd3 {[%clk 1:09:52]} 18. Rxd3
{[%clk 0:36:51]} b4 {[%clk 1:02:40]} 19. axb4 {[%clk 0:35:59]} Qxb4
{[%clk 1:02:39]} 20. Rb3 {[%clk 0:33:35]} Qa4 {[%clk 1:00:27]} 21. Rxb7
{[%clk 0:31:07]} Qxc2+ {[%clk 1:00:29]} 22. Ka1 {[%clk 0:30:54]} Qa4+
{[%clk 0:53:40]} 23. Kb1 {[%clk 0:31:12]} Qe4+ {[%clk 0:51:16]} 24. Ka1
{[%clk 0:29:08]} d4 {[%clk 0:51:09]} 25. Rb4 {[%clk 0:26:34]} dxe3
{[%clk 0:48:18]} 26. Rxe4 {[%clk 0:26:41]} exf2 {[%clk 0:48:44]} 27. Rf1
{[%clk 0:26:34]} Rc2 {[%clk 0:45:49]} 28. Kb1 {[%clk 0:26:28]} Rd2
{[%clk 0:38:42]} 29. Kc1 {[%clk 0:25:43]} Rd5 {[%clk 0:37:25]} 30. Nc3
{[%clk 0:24:50]} Nc5 31. Nxd5 {[%clk 0:24:10]} Nxe4 {[%clk 0:33:13]} 32. Nc3
{[%clk 0:24:34]} Rc8 {[%clk 0:27:14]} 33. Kc2 {[%clk 0:24:14]} g6
{[%clk 0:24:56]} 34. Kd3 {[%clk 0:24:14]} Nc5+ {[%clk 0:24:49]} 35. Kc2
{[%clk 0:24:02]} Rb8 {[%clk 0:24:40]} 36. Nd1 {[%clk 0:23:27]} Rc8
{[%clk 0:22:57]} 37. Nc3 {[%clk 0:22:06]} Rb8 {[%clk 0:22:30]} 38. Nd1
{[%clk 0:22:29]} Kg7 {[%clk 0:21:13]} 39. Rxf2 {[%clk 0:22:44]} h6
{[%clk 0:20:28]} 40. Rf3 {[%clk 0:20:45]} g5 {[%clk 0:19:49]} 41. Rc3
{[%clk 0:21:02]} Na4 {[%clk 0:18:57]} 42. Rg3 {[%clk 0:20:39]} Rc8+
{[%clk 0:18:17]} 43. Nc3 {[%clk 0:20:46]} Nxc3 {[%clk 0:17:47]} 44. bxc3
{[%clk 0:21:10]} f6 {[%clk 0:17:18]} 45. h4 {[%clk 0:19:58]} fxe5
{[%clk 0:11:59]} 46. fxg5 hxg5 {[%clk 0:11:26]} 47. Rxg5+ Kf6 48. Rg4
{[%clk 0:18:49]} Kf5 {[%clk 0:10:58]} 49. Ra4 {[%clk 0:18:56]} e4
{[%clk 0:10:46]} 50. Rxa6 {[%clk 0:15:27]} Rg8 {[%clk 0:11:09]} 51. Kd2
{[%clk 0:13:55]} Rxg2+ {[%clk 0:11:35]} 52. Ke3 {[%clk 0:14:11]} Rg3+
{[%clk 0:11:44]} 53. Kd2 {[%clk 0:13:57]} Rd3+ {[%clk 0:10:50]} 54. Ke2
{[%clk 0:13:00]} Rxc3 {[%clk 0:11:00]} 55. Ra8 {[%clk 0:13:08]} Rh3
{[%clk 0:10:23]} 56. Rf8+ {[%clk 0:12:42]} Ke5 {[%clk 0:10:26]} 57. Rh8
{[%clk 0:12:59]} Rh2+ {[%clk 0:08:33]} 58. Ke3 {[%clk 0:13:19]} Rh3+
{[%clk 0:08:56]} 59. Ke2 {[%clk 0:13:44]} Rh1 {[%clk 0:09:23]} 60. h5
{[%clk 0:13:37]} Rh2+ {[%clk 0:08:24]} 61. Ke3 {[%clk 0:13:56]} Rh1
{[%clk 0:08:33]} 62. Ke2 {[%clk 0:14:09]} Rh3 {[%clk 0:08:52]} 63. h6
{[%clk 0:13:16]} Rh1 {[%clk 0:06:43]} 64. Kf2 {[%clk 0:12:26]} Rh5
{[%clk 0:06:41]} 65. Ke2 {[%clk 0:12:17]} Rh3 {[%clk 0:07:08]} 66. Rh7
{[%clk 0:11:57]} Kf6 {[%clk 0:06:08]} 67. Rh8 {[%clk 0:12:00]} Kg6
{[%clk 0:03:46]} 68. Rg8+ {[%clk 0:11:34]} Kf7 {[%clk 0:04:02]} 69. Rg7+
{[%clk 0:11:08]} Kf6 {[%clk 0:04:19]} 70. Rh7 {[%clk 0:10:33]} Kg5
{[%clk 0:04:23]} 71. Rg7+ {[%clk 0:10:18]} Kf5 {[%clk 0:04:11]} 72. h7
{[%clk 0:09:52]} Kf6 {[%clk 0:04:15]} 73. Ra7 {[%clk 0:10:03]} Rh6
{[%clk 0:04:09]} 74. Ke3 {[%clk 0:10:12]} Kf5 {[%clk 0:04:33]} 75. Ra5+
{[%clk 0:09:44]} e5 {[%clk 0:04:58]} 76. Ra7 {[%clk 0:10:07]} Rh3+
{[%clk 0:05:22]} 77. Ke2 {[%clk 0:10:26]} Rh1 {[%clk 0:03:52]} 78. Rf7+
{[%clk 0:10:35]} Kg6 {[%clk 0:03:44]} 79. Re7 {[%clk 0:10:53]} Kf6
{[%clk 0:04:03]} 80. Rb7 {[%clk 0:11:00]} Rh3 {[%clk 0:04:28]} 81. Ra7
{[%clk 0:10:52]} Ke6 {[%clk 0:03:33]} 82. Rb7 {[%clk 0:10:53]} e3
{[%clk 0:02:33]} 83. Ra7 {[%clk 0:09:33]} Kf5 {[%clk 0:02:53]} 84. Kd3
{[%clk 0:08:05]} Kg5 {[%clk 0:02:30]} 85. Ra4 {[%clk 0:07:24]} Rxh7
{[%clk 0:02:43]} 86. Kxe3 {[%clk 0:07:48]} Kf5 {[%clk 0:03:08]} 87. Rb4
{[%clk 0:08:00]} Rh3+ {[%clk 0:03:35]} 88. Ke2 {[%clk 0:08:16]} Ra3 89. Rh4
{[%clk 0:08:19]} Kg5 {[%clk 0:04:24]} 90. Re4 {[%clk 0:08:29]} Kf5
{[%clk 0:04:47]} 91. Rh4 {[%clk 0:08:50]} Rc3 {[%clk 0:04:52]} 92. Ra4
{[%clk 0:09:07]} Rc5 {[%clk 0:04:50]} 93. Rh4 {[%clk 0:09:18]} Ra5
{[%clk 0:05:18]} 94. Rb4 {[%clk 0:09:34]} e4 {[%clk 0:04:58]} 95. Rb8
{[%clk 0:09:39]} Kf4 {[%clk 0:05:21]} 96. Rf8+ {[%clk 0:10:00]} Rf5
{[%clk 0:05:49]} 97. Rxf5+ {[%clk 0:10:06]} Kxf5 {[%clk 0:06:18]} 98. Ke3
{[%clk 0:10:25]} Ke5 {[%clk 0:06:48]} 99. Ke2 {[%clk 0:10:45]} Kf4
{[%clk 0:07:17]} 100. Kf2 {[%clk 0:11:05]} e3+ {[%clk 0:07:47]} 101. Ke2
{[%clk 0:11:28]} Ke4 {[%clk 0:08:16]} 102. Ke1 {[%clk 0:11:44]} Kf3
{[%clk 0:08:45]} 103. Kf1 {[%clk 0:12:04]} Kf4 {[%clk 0:09:15]} 104. Ke2
{[%clk 0:12:11]} Ke4 {[%clk 0:09:42]} 105. Ke1 {[%clk 0:12:32]} Kd4
{[%clk 0:10:11]} 106. Ke2 {[%clk 0:11:52]} Ke4 {[%clk 0:10:40]} 1/2-1/2

[Event "Uppsala Young Champions 2016"]
[Site "Uppsala Schackcentrum, Sweden"]
[Date "2016.11.01"]
[Round "7.3"]
[White "Stefansson, Vignir Vatnar"]
[Black "Seo, Jung Min"]
[Result "1-0"]
[BlackElo "2131"]
[WhiteElo "2163"]
[LiveChessVersion "1.4.8"]

1. b3 {[%clk 1:30:56]} e5 {[%clk 1:30:21]} 2. Bb2 {[%clk 1:31:17]} Nc6
{[%clk 1:30:42]} 3. e3 {[%clk 1:31:35]} g6 {[%clk 1:30:16]} 4. f4
{[%clk 1:31:16]} Bg7 {[%clk 1:29:37]} 5. Nf3 {[%clk 1:31:33]} d6 {[%clk 1:29:39]}
6. Bb5 {[%clk 1:31:57]} Nge7 {[%clk 1:28:17]} 7. fxe5 {[%clk 1:27:59]} O-O
{[%clk 1:27:51]} 8. d4 {[%clk 1:26:19]} dxe5 {[%clk 1:28:02]} 9. Bxc6
{[%clk 1:26:39]} Nxc6 {[%clk 1:28:13]} 10. d5 {[%clk 1:03:12]} Ne7
{[%clk 1:19:34]} 11. c4 {[%clk 1:03:02]} Nf5 {[%clk 1:12:37]} 12. e4
{[%clk 1:02:05]} Nd4 {[%clk 1:04:54]} 13. O-O {[%clk 1:00:24]} Bg4
{[%clk 0:57:01]} 14. Bxd4 {[%clk 0:57:38]} exd4 {[%clk 0:52:53]} 15. Qd3
{[%clk 0:58:00]} f5 {[%clk 0:47:37]} 16. Nbd2 {[%clk 0:58:25]} c6
{[%clk 0:44:41]} 17. e5 {[%clk 0:53:34]} cxd5 {[%clk 0:44:07]} 18. c5
{[%clk 0:54:02]} b6 {[%clk 0:41:27]} 19. b4 {[%clk 0:48:00]} bxc5
{[%clk 0:36:00]} 20. bxc5 {[%clk 0:48:20]} Qe7 {[%clk 0:34:04]} 21. Qxd4
{[%clk 0:48:46]} Rfd8 {[%clk 0:33:37]} 22. Rfe1 {[%clk 0:48:01]} Rac8
{[%clk 0:33:02]} 23. Rac1 {[%clk 0:46:56]} Rc6 {[%clk 0:31:12]} 24. Rc2
{[%clk 0:46:35]} Bf8 {[%clk 0:29:48]} 25. Nb3 {[%clk 0:46:26]} g5
{[%clk 0:24:40]} 26. Qf2 {[%clk 0:46:22]} Bxf3 {[%clk 0:22:37]} 27. Qxf3
{[%clk 0:46:32]} f4 {[%clk 0:21:54]} 28. h3 {[%clk 0:39:06]} Re6 {[%clk 0:20:02]}
29. c6 {[%clk 0:27:24]} Rxe5 {[%clk 0:20:10]} 30. Rec1 {[%clk 0:27:27]} Re1+
{[%clk 0:16:46]} 31. Kh2 {[%clk 0:27:50]} Re3 {[%clk 0:15:37]} 32. Qg4
{[%clk 0:27:10]} Qc7 {[%clk 0:12:44]} 33. Qxg5+ {[%clk 0:26:53]} Kh8
{[%clk 0:13:08]} 34. Nd4 {[%clk 0:26:59]} Be7 {[%clk 0:09:35]} 35. Qf5
{[%clk 0:26:38]} f3+ {[%clk 0:08:50]} 36. Kh1 {[%clk 0:26:13]} Rf8
{[%clk 0:07:04]} 37. Qd7 {[%clk 0:21:24]} fxg2+ {[%clk 0:02:35]} 38. Rxg2
{[%clk 0:21:48]} Qe5 {[%clk 0:02:44]} 39. Rcg1 {[%clk 0:19:18]} Qh5
{[%clk 0:00:46]} 40. Rh2 {[%clk 0:19:44]} Rg8 {[%clk 0:00:32]} 41. Rxg8+
{[%clk 0:16:20]} Kxg8 {[%clk 0:01:02]} 42. Rg2+ {[%clk 0:16:26]} Kf7
{[%clk 0:00:59]} 43. Rf2+ {[%clk 0:16:55]} Kg8 {[%clk 0:00:45]} 44. Qc8+
{[%clk 0:17:24]} Kg7 {[%clk 0:00:59]} 45. Nf5+ {[%clk 0:17:47]} 1-0

[Event "Uppsala Young Champions 2016"]
[Site "Uppsala Schackcentrum, Sweden"]
[Date "2016.11.01"]
[Round "7.4"]
[White "Jogstad, Martin"]
[Black "Emmoth, Alfons"]
[Result "1-0"]
[BlackElo "1899"]
[WhiteElo "2298"]
[LiveChessVersion "1.4.8"]

1. d4 {[%clk 1:30:52]} Nf6 {[%clk 1:30:46]} 2. Nf3 {[%clk 1:31:16]} g6
{[%clk 1:30:59]} 3. c4 {[%clk 1:31:34]} Bg7 {[%clk 1:31:08]} 4. e3
{[%clk 1:31:57]} O-O {[%clk 1:30:24]} 5. Be2 {[%clk 1:32:21]} d6 {[%clk 1:28:17]}
6. Nc3 {[%clk 1:32:44]} Nfd7 {[%clk 1:27:49]} 7. O-O {[%clk 1:28:44]} e5
{[%clk 1:24:03]} 8. a3 {[%clk 1:14:12]} a5 {[%clk 1:19:11]} 9. dxe5
{[%clk 1:05:02]} dxe5 {[%clk 1:13:42]} 10. e4 {[%clk 1:05:31]} Nc5
{[%clk 0:59:28]} 11. Bg5 {[%clk 1:05:23]} Qxd1 {[%clk 0:52:45]} 12. Raxd1
{[%clk 1:04:59]} Ne6 {[%clk 0:50:21]} 13. Be3 {[%clk 1:04:54]} Nc6
{[%clk 0:44:55]} 14. Nb5 {[%clk 0:35:38]} Re8 {[%clk 0:31:51]} 15. c5
{[%clk 0:28:15]} Ncd4 {[%clk 0:20:49]} 16. Bc4 {[%clk 0:16:04]} Bd7
{[%clk 0:11:24]} 17. Nfxd4 {[%clk 0:09:53]} exd4 {[%clk 0:11:13]} 18. Nxd4
{[%clk 0:09:47]} Nxc5 {[%clk 0:10:03]} 19. f3 {[%clk 0:07:07]} Ne6
{[%clk 0:06:19]} 20. Rd2 {[%clk 0:04:52]} Nxd4 {[%clk 0:05:10]} 21. Bxd4
{[%clk 0:05:15]} Bc6 {[%clk 0:05:33]} 22. Bxg7 {[%clk 0:05:03]} Kxg7
{[%clk 0:06:01]} 23. Bd5 {[%clk 0:05:02]} Bxd5 {[%clk 0:05:17]} 24. Rxd5
{[%clk 0:05:31]} Re7 {[%clk 0:03:21]} 25. Rc1 {[%clk 0:05:33]} c6
{[%clk 0:02:08]} 26. Rd6 {[%clk 0:05:49]} Ra6 {[%clk 0:02:19]} 27. Rc5
{[%clk 0:05:46]} Rb6 {[%clk 0:02:18]} 28. Rd2 {[%clk 0:06:14]} Ra6
{[%clk 0:02:34]} 29. Kf2 {[%clk 0:05:43]} Re6 {[%clk 0:02:32]} 30. Rd7
{[%clk 0:05:06]} Rb6 {[%clk 0:03:00]} 31. Rxa5 {[%clk 0:04:28]} Rxb2+
{[%clk 0:03:28]} 32. Kg3 {[%clk 0:04:55]} Kf8 {[%clk 0:03:07]} 33. h4
{[%clk 0:03:19]} h5 {[%clk 0:03:12]} 34. Ra7 {[%clk 0:02:43]} Re7
{[%clk 0:03:29]} 35. Rd8+ {[%clk 0:03:09]} Re8 {[%clk 0:03:52]} 36. Rd3
{[%clk 0:02:43]} Ke7 {[%clk 0:03:33]} 37. Kf4 {[%clk 0:03:04]} Rd8
{[%clk 0:02:51]} 38. Rc3 {[%clk 0:03:21]} Rd7 {[%clk 0:02:44]} 39. g3
{[%clk 0:03:04]} Kf6 {[%clk 0:02:30]} 40. a4 {[%clk 0:03:03]} Rd4
{[%clk 0:01:50]} 41. a5 {[%clk 0:02:53]} Ra4 {[%clk 0:01:47]} 42. a6
{[%clk 0:02:43]} Rxa6 {[%clk 0:02:04]} 43. Rxa6 {[%clk 0:03:12]} bxa6
{[%clk 0:02:27]} 44. Rxc6+ {[%clk 0:03:40]} Ke7 {[%clk 0:02:47]} 45. Rxa6
{[%clk 0:04:08]} Rb7 {[%clk 0:02:53]} 46. g4 {[%clk 0:02:29]} Rb5
{[%clk 0:02:17]} 47. Rc6 {[%clk 0:02:20]} Ra5 {[%clk 0:02:19]} 48. Rb6
{[%clk 0:02:32]} Rc5 {[%clk 0:02:40]} 49. Rb1 {[%clk 0:01:35]} Ra5
{[%clk 0:02:20]} 50. Rd1 {[%clk 0:01:55]} hxg4 {[%clk 0:02:03]} 51. fxg4
{[%clk 0:02:23]} Ra2 {[%clk 0:02:03]} 52. Kg5 {[%clk 0:00:42]} Re2
{[%clk 0:01:48]} 53. Rd4 {[%clk 0:01:00]} Rg2 {[%clk 0:01:48]} 54. Ra4
{[%clk 0:00:59]} Rg1 {[%clk 0:01:38]} 55. Rb4 {[%clk 0:00:53]} Rg2
{[%clk 0:01:49]} 56. Rc4 {[%clk 0:01:13]} Rg1 {[%clk 0:02:10]} 57. Ra4
{[%clk 0:00:57]} Rg2 {[%clk 0:02:25]} 58. Ra5 {[%clk 0:01:24]} Rg1
{[%clk 0:01:24]} 59. Ra7+ {[%clk 0:01:16]} Ke6 {[%clk 0:01:44]} 60. Ra6+
{[%clk 0:01:16]} Ke7 {[%clk 0:01:53]} 61. Rb6 {[%clk 0:01:14]} Rg2
{[%clk 0:02:04]} 62. Rb1 {[%clk 0:01:22]} Ke6 {[%clk 0:02:13]} 63. Rf1
{[%clk 0:01:43]} Ke7 {[%clk 0:02:14]} 64. Rh1 {[%clk 0:01:35]} Re2
{[%clk 0:01:43]} 65. Kf4 {[%clk 0:02:01]} Rf2+ {[%clk 0:01:56]} 66. Ke3
{[%clk 0:01:52]} Rg2 {[%clk 0:02:08]} 67. Kf3 {[%clk 0:02:19]} Ra2
{[%clk 0:02:19]} 68. h5 {[%clk 0:02:40]} gxh5 {[%clk 0:02:33]} 69. gxh5
{[%clk 0:03:09]} Ra8 {[%clk 0:02:50]} 70. Kf4 {[%clk 0:03:26]} Kf6
{[%clk 0:02:44]} 71. e5+ {[%clk 0:03:24]} Ke6 {[%clk 0:03:11]} 72. h6
{[%clk 0:03:38]} Rh8 {[%clk 0:03:23]} 73. h7 {[%clk 0:03:58]} Ke7
{[%clk 0:03:17]} 74. Kf5 {[%clk 0:04:25]} Kf8 {[%clk 0:01:59]} 75. Kf6
{[%clk 0:04:40]} 1-0

[Event "Uppsala Young Champions 2016"]
[Site "Uppsala Schackcentrum, Sweden"]
[Date "2016.11.01"]
[Round "7.5"]
[White "Tuomainen, Felix"]
[Black "Nilsson, Joakim"]
[Result "1-0"]
[BlackElo "2059"]
[WhiteElo "2198"]
[LiveChessVersion "1.4.8"]

1. d4 {[%clk 1:30:58]} d5 {[%clk 1:30:52]} 2. c4 {[%clk 1:31:19]} e6
{[%clk 1:31:42]} 3. Nc3 Nf6 {[%clk 1:32:07]} 4. cxd5 {[%clk 1:29:27]} exd5 5. Bg5
{[%clk 1:29:51]} c6 {[%clk 1:32:28]} 6. Qc2 {[%clk 1:27:59]} Be7 {[%clk 1:32:49]}
7. e3 {[%clk 1:28:23]} Nbd7 {[%clk 1:33:16]} 8. Bd3 {[%clk 1:28:35]} h6
{[%clk 1:33:41]} 9. Bh4 {[%clk 1:28:37]} Nh5 {[%clk 1:34:05]} 10. Bxe7
{[%clk 1:24:42]} Qxe7 {[%clk 1:34:29]} 11. Nf3 {[%clk 1:24:25]} Nb6
{[%clk 1:30:53]} 12. O-O {[%clk 1:22:38]} O-O {[%clk 1:30:23]} 13. Rae1
{[%clk 1:20:15]} Be6 {[%clk 1:27:12]} 14. Ne5 {[%clk 1:18:59]} Rad8
{[%clk 1:21:42]} 15. f4 {[%clk 1:15:20]} Rfe8 {[%clk 1:12:01]} 16. Bh7+
{[%clk 1:08:56]} Kh8 {[%clk 1:11:46]} 17. f5 {[%clk 1:08:58]} Bc8
{[%clk 0:57:45]} 18. Bg6 {[%clk 1:08:40]} Nf6 {[%clk 0:56:56]} 19. Bxf7
{[%clk 1:08:20]} Qd6 {[%clk 0:55:08]} 20. Bxe8 {[%clk 1:08:33]} 1-0